Normal view
MARC view
- Ellis, Steven K.
Entry Personal Name
001 - CONTROL NUMBER
- control field: 6453
003 - CONTROL NUMBER IDENTIFIER
- control field: OSt
005 - DATE AND TIME OF LATEST TRANSACTION
- control field: 20170519114343.0
008 - FIXED-LENGTH DATA ELEMENTS
- fixed length control field: 170519|| aca||aabn | a|a d
040 ## - CATALOGING SOURCE
- Original cataloging agency: OSt
- Transcribing agency: OSt
100 ## - HEADING--PERSONAL NAME
- Personal name: Ellis, Steven K.
670 ## - SOURCE DATA FOUND
- Source citation: Work cat.: (OSt): Ellis, Steven K., How to survive a training assignment : , 1989.

PORTAL AKMAL
E-MEL JKDM
AKMAL2U
G-BAM
u-PUSTAKA